00656nai a2200193Ia 4500003000900000008004100009022002100050022002200071040001600093245009200109260002600201310001400227362003800241521003500279650001800314650002700332650002100359856008200380IN-BaIIA211028c9999 xx s 000 0 eng d a1364503X (Print) a14712962 (Online) cIIA Library 0aPhilosophical Transactions: Mathematical, Physical and Engineering Sciencesh[eJournal] aLondonbRoyal Society aBi-Weekly a354(1704); 1996 - 374(2083); 2017 bSubscribed through IIA Library a Mathematics  a Science & Mathematics aGeneral Science  uhttps://www.jstor.org/journal/philtranmathphysyClick Here to Access eJournal